000 00443nam a2200181Ia 4500
001 3949
005 20260306145720.0
008 260306t2005||||xx |||||||||||||| ||spa||
041 _aESP
082 _a305.80098561
_bE94
100 _aMolinié, Antoniette (comp.)
_eAUT
245 0 _aEtnografías de Cuzco
260 _c2005
300 _a179 páginas ilus., maps :
_c26 cm.
650 _aGEN
654 _aCHU
942 _cLIB
_dJUS
_fJUS
_2ddc
_n
999 _c3949
_d3949